00514 a2200109 4500001000700000020001800007040003200025100002100057245002800078300001800106520028000124127932 a7898009603628 cEscola Canadense de Niteroi aKURUMADA, Masami10aCavaleiros do Zodíaco c5 x 2 x 21 cm aO Grande Abalo Mundial!! O Cosmo queimará novamente!! A lenda dos jovens iluminados ressurge atravessando o tempo e a galáxia!! Aiolia, Shaka, Milo, Máscara de Morte, Aldebaran, Camus, Shura… Os guerreiros mais poderosos envolvidos pela luz… Os Cavaleiros de Ouro!!